Fann al-Islāmī

محفوظ في:

المؤلف الرئيسي: Ernst Kühnel.

مؤلفون آخرون: موسى أحمد .

التنسيق: كتاب

اللغة: Undetermined

منشور في: Bayrut, Lebanon : dar sadir, 1966.

الموضوعات:

الوسوم: إضافة وسم

لا توجد وسوم, كن أول من يضع وسما على هذه التسجيلة!

رقم الطلب: NK1674 .K812

LEADER 00583nam a2200205Ia 4500
008 240329s9999||||xx |||||||||||||| ||und||
050 4 |a NK1674 .K812 
100 1 |a Ernst Kühnel. 
245 1 0 |a Fann al-Islāmī  |c Ernst Kühnel 
264 1 |a Bayrut, Lebanon :  |b dar sadir,  |c 1966. 
300 |a 206  |c 24 
500 |a Added t.p.: Die Kunst des Islam 
500 |a Translated into Arabic by Ahmed Moussa 
650 |a Art islamique Histoire 
650 |a History 
650 |a Islamic art 
650 |a Islamic art History 
700 1 |a موسى أحمد . 
942 |2 lcc  |c BK 
999 |c 57866  |d 57866